Geography Now Opening Lines - "A" Countries - Statistics

General Stats
  • This quiz has been taken 31 times
  • The average score is 9 of 11
Answer Stats
Quote Country % Correct
"Alright our first South American country. This is the land of silver!...Kind of. Not really. Welcome to: [country]." Argentina
100%
"Alright, everybody, let's just all get it off of our chests - Koalas and kangaroos, boomerangs and digeridoos, Sydney, Melbourne, Uluru, Crocodiles, Cockatoos. Everything that will kill you, shrimp on Barbies (that's not true), that Vegemite stuff that taste like poo, coral reefs and platypuses, platypi...what's the plural of platypus? Alright now, let's actually learn about the freaking country." Australia
100%
"Alright, we finally reached the last country beginning with an A...and that only took about I don't know...like 3 months?...alright, here we go - [country]!" Azerbaijan
93%
"Once upon a time, Spain and France kind of had a baby, and that baby grew up to be one of Europe's most adorable little taxhavens. This is [country]." Andorra
90%
"Hey everybody. Welcome to the first episode of Geography Now! We're going to go through the list of all the internationally recognized sovereign nations of the world and we're gonna do it alphabetically which means our first episode is going to be on [country]." Afghanistan
86%
"Oiso nid voagessn! Wann's nach [country in local language] kommt, oi wenns Deitsch redn, nennt es ned Deitsch!" Austria
86%
"You know how in high school there's always like that one little emo kid that just kind of keeps to themselves and sits in the corner? But then about 10 years later at the reunion you find out they actually have a lot of friends and they're pretty cool. That's kind of like what [country] is." Albania
79%
"Now just remember, when going to [country], no matter how much French these people speak to you, Do. Not. Call. Them. French!!!" Algeria
76%
"My [part of country's name] don't, my [part of country's name] don't, my [part of country's name] don't want none unless you got [part of country's name] son. Yeeeah, my first pop culture refereeence, I promise I'll never do that again." Antigua and Barbuda
72%
"Oh my gosh! Did you hear about [country] and Greece? Okay, it's not like official, and you didn't hear it from me, but...I think they're, like dating now! Oh my god! They're like so perfect for each other! They're so cute! I hope they have babies! Yeah, 12 year old girls watch this show too. I gotta appeal to that demographic." Armenia
72%
"You know I once went to Denmark and I bought a sandwich that was $21. In some parts of [country] that's actually considered a good deal. Welcome to the country that has the world's most expensive city." Angola
69%
No matching quizzes found
Score Distribution
Percent of People with Each Score
Percentile by Number Answered
Your Score History
You have not taken this quiz